Landen met een letter - F - Statistieken

Algemene statistieken
  • Deze quiz is 168 keer genomen
  • De gemiddelde score is 6 van 8
Antwoordstatistieken
Categorie Land % Correct
1 x F Frankrijk
100%
1 x F Fiji
98%
1 x F Finland
90%
1 x F Filipijnen
85%
1 x F Afghanistan
61%
1 x F Zuid-Afrika
61%
1 x F Centraal-Afrikaanse Republiek
49%
1 x F Burkina Faso
39%
Geen overeenkomende quizzen gevonden
Scoreverdeling
Procent van Mensen met Elke Score
Percentiel versus Aantal Correcte Antwoorden
Uw Scoregeschiedenis
U heeft deze quiz nog niet genomen